| 000 | 00667nac a22001931u 4500 | ||
|---|---|---|---|
| 020 | _a0333318188 : | ||
| 082 |
_a620.11 _bCHA |
||
| 090 |
_c9500 _d9500 |
||
| 100 | _aChanda, Manas | ||
| 245 |
_aScience of engineering materials : Engineering Materials / _cManas Chanda. |
||
| 260 |
_aGreat Britain : _bThe Macmillan,1981. _cc1981. |
||
| 300 |
_axiii, 232 p.; _bill.; _c20 cm. |
||
| 490 |
_aScience of engineering materials _v3; |
||
| 500 | _aDistributer: Al-Ahram | ||
| 504 | _aIncludes bibliographical references and index. | ||
| 511 | _aCatalogued by: Sara | ||
| 650 | _aMaterials science. | ||
| 942 |
_cBB _k620.11CHA |
||
| 999 |
_c9500 _d9500 |
||